| 000 | 00438nam a22001697a 4500 | ||
|---|---|---|---|
| 003 | MPLRDC | ||
| 005 | 20220104114029.0 | ||
| 008 | 210129b ||||| |||| 00| 0 eng d | ||
| 082 | _a813 NBE-9 | ||
| 100 | _a信德、意晓、文煊 | ||
| 245 |
_a诺贝尔文学奖金获奖作家传 _c |
||
| 250 | _a一版一刷 | ||
| 260 |
_a _b江西人民出版社 _c1984 |
||
| 300 | _b平 | ||
| 650 | _a世界文学总集 | ||
| 942 |
_cBK _o813 NBE-9 |
||
| 999 |
_c4260 _d4250 |
||